Homenaje que á la memoria del Excmo. Señor Don Emilio Bravo Presidente del Tribunal Supremo dedica la Biblioteca Judicial. (Record no. 155536)

MARC details
000 -LEADER
campo de control de longitud fija 01027nam a2200205 i 4500
001 - NÚMERO DE CONTROL
campo de control 155536
003 - IDENTIFICADOR DE NÚMERO DE CONTROL
campo de control ES-MaACL
005 - FECHA Y HORA DE LA ÚLTIMA TRANSACCIÓN
campo de control 20230906210121.0
008 - DATOS DE LONGITUD FIJA--INFORMACIÓN GENERAL
campo de control de longitud fija 970226s1893 sp |||| | spa d
040 ## - FUENTE DE CATALOGACIÓN
Centro catalogador/agencia de origen CLM
Lengua de catalogación spa
Centro/agencia transcriptor CCPB | SIC
245 00 - MENCIÓN DEL TÍTULO
Título Homenaje que á la memoria del Excmo. Señor Don Emilio Bravo Presidente del Tribunal Supremo dedica la Biblioteca Judicial.
260 ## - PUBLICACIÓN, DISTRIBUCIÓN, ETC.
Lugar de publicación, distribución, etc. Madrid :
Nombre del editor, distribuidor, etc. [s.n.],
Fecha de publicación, distribución, etc. 1893 (
Fabricante Establecimiento Tipográfico de Pedro Nuñez)
300 ## - DESCRIPCIÓN FÍSICA
Extensión 346 p. ;
Dimensiones 19 cm.
490 1# - MENCIÓN DE SERIE
Mención de serie Biblioteca Judicial ;
Designación de volumen o secuencia 93
505 8# - NOTA DE CONTENIDO CON FORMATO
Nota de contenido con formato Relación de contenido en cub.
505 8# - NOTA DE CONTENIDO CON FORMATO
Nota de contenido con formato Contiene: Biografía de Emilio Bravo -- La institución del Jurado y su planteamiento en España -- Informe relativo á la insttución del Jurado -- Sentencia referente al artículo "El rasgo" de Emilio Castelar -- Sentencia referente á un artículo atribuído á Calvo Asensio y discursos político-jurídicos
830 0# - PUNTO DE ACCESO ADICIONAL DE SERIE-TÍTULO UNIFORME
Título uniforme Biblioteca Judicial ;
Designación de volumen o secuencia 93
9 (RLIN) 181856
852 ## - LOCALIZACIÓN
Ubicación ES-MaACL
Número de control de estantería B-6626
Nota libre -- Enc. hol.
Holdings
Estatus retirado Estado de pérdida Estado de daño No para préstamo Colección Biblioteca de origen Biblioteca actual Ubicación en estantería Fecha de adquisición Fuente de adquisición Total de préstamos Signatura topográfica completa Código de barras Visto por última vez Precio de reemplazo Tipo de ítem Koha
        Libros del s. XIX Biblioteca del Ateneo de Madrid Biblioteca del Ateneo de Madrid Sala Pardo Bazán 17/01/2008     B-6626 1162694 23/02/2023 23/02/2023 Libro impreso antiguo